Elements of algebraic topology /

Guardado en:
Autor Principal: Munkres, James R., 1930-
Formato: Libro
Idioma:English
Publicado: Menlo Park, Calif. : Benjamin/Cummings, c1984.
Materias:
Etiquetas: Agregar Etiqueta
Sin Etiquetas, Sea el primero en etiquetar este registro!
LEADER 00939pam a2200217 a 4500
001 MAT.inmabb003557
008 840314s1984####caua#####b####001#0#eng##
005 20130301160043.0
245 1 0 |a Elements of algebraic topology /  |c James R. Munkres. 
260 |a Menlo Park, Calif. :  |b Benjamin/Cummings,  |c c1984. 
300 |a ix, 454 p. :  |b il. ;  |c 24 cm. 
504 |a Bibliografía: p. [447]-448. 
505 0 |a 1. Homology groups of a simplicial complex -- 2. Topological invariance of the homology groups -- 3. Relative homology and the Eilenberg-Steenrod axioms -- 4. Singular homology theory -- 5. Cohomology -- 6. Homology with coefficients -- 7. Homological algebra -- 8. Duality in manifolds. 
510 4 |a MR,  |c 85m:55001 
020 |a 0201045869 
100 1 |a Munkres, James R.,  |d 1930- 
650 0 |a Algebraic topology. 
084 |a 55-01  |2 msc2000 
010 |a  84006250  
040 |a DLC  |c DLC  |d DLC 
859 |h 55  |i M966  |p A-5748  |b BIB. MATEMATICA